Calculus and analytic geometry / (Record no. 266330)
[ view plain ]
| 000 -LEADER | |
|---|---|
| fixed length control field | 01224pam a2200385 a 4500 |
| 001 - CONTROL NUMBER | |
| control field | 4786058 |
| 003 - CONTROL NUMBER IDENTIFIER | |
| control field | OSt |
| 005 - DATE AND TIME OF LATEST TRANSACTION | |
| control field | 20260608075902.0 |
| 008 - FIXED-LENGTH DATA ELEMENTS--GENERAL INFORMATION | |
| fixed length control field | 870513s1988 maua 001 0 eng |
| 010 ## - LIBRARY OF CONGRESS CONTROL NUMBER | |
| LC control number | 87014422 |
| 020 ## - INTERNATIONAL STANDARD BOOK NUMBER | |
| International Standard Book Number | 0201163209 (set) : |
| Terms of availability | $48.95 |
| Cancelled/invalid ISBN | 0201163217 (v. 1) : |
| Terms of availability | $36.95 |
| Cancelled/invalid ISBN | 0201163225 (v. 2) : |
| Terms of availability | $34.95 |
| International Standard Book Number | 9780201163209 |
| 035 ## - SYSTEM CONTROL NUMBER | |
| System control number | 4786058 |
| 040 ## - CATALOGING SOURCE | |
| Original cataloging agency | DLC |
| Transcribing agency | DLC |
| Modifying agency | DLC |
| 050 00 - LIBRARY OF CONGRESS CALL NUMBER | |
| Classification number | QA303 |
| Item number | .T42 1988 |
| 082 00 - DEWEY DECIMAL CLASSIFICATION NUMBER | |
| Classification number | 515/.15 |
| Edition number | 19 |
| 100 1# - MAIN ENTRY--PERSONAL NAME | |
| Personal name | Thomas, George B., |
| Titles and other words associated with a name | Jr. |
| Fuller form of name | (George Brinton), |
| Dates associated with a name | 1914-2006. |
| 245 10 - TITLE STATEMENT | |
| Title | Calculus and analytic geometry / |
| Statement of responsibility, etc | George B. Thomas, Jr., Ross L. Finney. |
| 250 ## - EDITION STATEMENT | |
| Edition statement | 7th ed. |
| 260 ## - PUBLICATION, DISTRIBUTION, ETC. (IMPRINT) | |
| Place of publication, distribution, etc | Reading, Mass. : |
| Name of publisher, distributor, etc | Addison-Wesley Pub. Co., |
| Date of publication, distribution, etc | c1988. |
| 300 ## - PHYSICAL DESCRIPTION | |
| Extent | xxv, 1136, [144] p. : |
| Other physical details | ill. (some col.) ; |
| Dimensions | 26 cm. |
| 336 ## - CONTENT TYPE | |
| Content type term | text |
| Content type code | txt |
| Source | rdacontent |
| 337 ## - MEDIA TYPE | |
| Media type term | unmediated |
| Media type code | n |
| Source | rdamedia |
| 338 ## - CARRIER TYPE | |
| Carrier type term | volume |
| Carrier type code | nc |
| Source | rdacarrier |
| 500 ## - GENERAL NOTE | |
| General note | Includes index. |
| 650 #0 - SUBJECT ADDED ENTRY--TOPICAL TERM | |
| Topical term or geographic name as entry element | Calculus. |
| Topical term or geographic name as entry element | Geometry, Analytic. |
| 700 1# - ADDED ENTRY--PERSONAL NAME | |
| Personal name | Finney, Ross L. |
| 856 ## - ELECTRONIC LOCATION AND ACCESS | |
| Materials specified | General stack |
| 906 ## - LOCAL DATA ELEMENT F, LDF (RLIN) | |
| a | 7 |
| b | cbc |
| c | orignew |
| d | 1 |
| e | ocip |
| f | 19 |
| g | y-gencatlg |
| 942 ## - ADDED ENTRY ELEMENTS (KOHA) | |
| Source of classification or shelving scheme | Library of Congress Classification |
| Koha item type | Long Loan Books |
| Withdrawn status | Lost status | Source of classification or shelving scheme | Damaged status | Not for loan | Home library | Current library | Date acquired | Total Checkouts | Full call number | Date last seen | Price effective from | Koha item type |
|---|---|---|---|---|---|---|---|---|---|---|---|---|
| Library of Congress Classification | Rongo University Library | Rongo University Library | 08/06/2026 | QA303 .T42 1988 | 08/06/2026 | 08/06/2026 | Long Loan Books |
